000 00863nam2a2200205 4500
001 RU\NLR\PER_A\002294303_001280
005 20250625065932.0
035 _a(NLR Aleph) 021966203
090 _a12341098
_c12341098
100 _a20230621d2023 |||y0rusy50 ca
101 0 _arus
102 _aRU
200 0 _a2023, № 1
210 _d2023
_aБ. м.
461 0 _1001RU\NLR\INFOCOMM9\5000121723
_12001#$aСпорт: экономика, право, управление$eНауч.-практ. и информ. изд.$fИзд. группа "Юрист"$v2023, № 1
_94164078
_cМ.
_d2003 -
_fИзд. группа "Юрист"
_nЮрист
_oНауч.-практ. и информ. изд.
_tСпорт: экономика, право, управление
_x2070-2175
_v2023, № 1
852 _aNLR
_jП41/301
942 _cISSUE
980 _aNB
980 _aRUSPER